| 000 | 01175pam a2200361 i 4500 | ||
|---|---|---|---|
| 999 |
_c427 _d427 |
||
| 001 | 019327503 | ||
| 003 | UkOxU | ||
| 005 | 20190814124657.0 | ||
| 008 | 120120s2012 enk j |000 0|eng d | ||
| 015 |
_aGBB206176 _2bnb |
||
| 020 | _a9780192756992 (paperback) : | ||
| 020 | _a0192756990 (paperback) : | ||
| 035 | _a(Uk)016014519 | ||
| 040 |
_aStDuBDS _beng _cStDuBDS _dUk _erda |
||
| 042 | _aukblsr | ||
| 082 | 0 | 4 |
_a423 ALL _223 |
| 245 | 0 | 0 |
_aOxford English dictionary for schools / _cchief editor, Robert Allen ; editor, Susan Rennie ; literacy consultant, John Mannion. |
| 246 | 3 | 0 | _aEnglish dictionary for schools |
| 250 | _a[New edition]. | ||
| 260 |
_aOxford : _bOxford University Press, _c2012. |
||
| 300 |
_ax, 917 pages ; _c20 cm |
||
| 336 |
_atext _2rdacontent |
||
| 337 |
_aunmediated _2rdamedia |
||
| 338 |
_avolume _2rdacarrier |
||
| 500 |
_aFormerly CIP. _5Uk |
||
| 650 | 0 |
_aEnglish language _vDictionaries, Juvenile. |
|
| 700 | 1 |
_aAllen, R. E., _d1944- _eeditor. |
|
| 700 | 1 |
_aRennie, Susan, _d1962- _eeditor. |
|
| 700 | 1 |
_aMannion, John, _d1956- _econtributor. |
|
| 942 |
_2ddc _cREF |
||